Normal view
MARC view
Entry Personal Name
001 - CONTROL NUMBER
- control field: 21952
003 - CONTROL NUMBER IDENTIFIER
- control field: BD-ChCU
005 - DATE AND TIME OF LATEST TRANSACTION
- control field: 20260426135117.0
008 - FIXED-LENGTH DATA ELEMENTS
- fixed length control field: 260426|| aca||aabn | a|a d
040 ## - CATALOGING SOURCE
- Original cataloging agency: BD-ChCU
100 ## - HEADING--PERSONAL NAME
- Personal name: Titus, Harold H. and Keeton, Morris T.